Seguridad internacional, paz y democracia en el cono sur / (Registro nro. 4374)

Detalles MARC
000 -CABECERA
campo de control de longitud fija 00738nam a22002535a 4500
001 - NÚMERO DE CONTROL
campo de control 177628
003 - IDENTIFICADOR DEL NÚMERO DE CONTROL
campo de control DO-SdBJH
005 - FECHA Y HORA DE LA ÚLTIMA TRANSACCIÓN
campo de control 20180719174208.0
008 - DATOS DE LONGITUD FIJA--INFORMACIÓN GENERAL
campo de control de longitud fija 980923s1998 cl 000 0 spa
010 ## - NÚMERO DE CONTROL DE LA BIBLIOTECA DEL CONGRESO
Número de control de LC 98200720
020 ## - NÚMERO INTERNACIONAL ESTÁNDAR DEL LIBRO
Número Internacional Estándar del Libro 9562051145
040 ## - FUENTE DE LA CATALOGACIÓN
Centro catalogador/agencia de origen DLC
Centro/agencia transcriptor DLC
Lengua de catalogación spa
050 00 - SIGNATURA TOPOGRÁFICA DE LA BIBLIOTECA DEL CONGRESO
Número de clasificación IN PROCESS
082 ## - NÚMERO DE LA CLASIFICACIÓN DECIMAL DEWEY
Número de clasificación 327.1 S456 1998
245 00 - MENCIÓN DE TÍTULO
Título Seguridad internacional, paz y democracia en el cono sur /
260 ## - PUBLICACIÓN, DISTRIBUCIÓN, ETC.
Lugar de publicación, distribución, etc. Chile :
Nombre del editor, distribuidor, etc. FLACSO-Chile,
Fecha de publicación, distribución, etc. 1998.
300 ## - DESCRIPCIÓN FÍSICA
Extensión 221 páginas
504 ## - NOTA DE BIBLIOGRAFÍA, ETC.
Nota de bibliografía, etc. incluye referencias bibliográficas
650 ## - PUNTO DE ACCESO ADICIONAL DE MATERIA--TÉRMINO DE MATERIA
Término de materia o nombre geográfico como elemento de entrada Relaciones internacionales -- Chile
700 ## - PUNTO DE ACCESO ADICIONAL--NOMBRE DE PERSONA
Autor secundario (Nombre de persona) Dominguez, Jorge
Rol del Coautor editor.
906 ## - ELEMENTOS DE DATOS F LOCAL, LDF (RLIN)
a 0
b ibc
c orignew
d 2
e ncip
f 19
g y-gencatlg
942 ## - ELEMENTOS DE PUNTO DE ACCESO ADICIONAL (KOHA)
Fuente del sistema de clasificación o colocación Dewey Decimal Classification
Tipo de ítem Koha Libros
Catalogador Elizabeth Figueroa
Existencias
Estado de retiro Estado de pérdida Fuente del sistema de clasificación o colocación Estado dañado No para préstamo Código de colección Localización permanente Ubicación/localización actual Ubicación en estantería Fecha de adquisición Número de inventario Total de préstamos Signatura topográfica completa Código de barras Fecha visto por última vez Número de copia Precio válido a partir de Tipo de ítem Koha
    Dewey Decimal Classification     Colección General SIBM UNADE - Biblioteca Sede Central SIBM UNADE - Biblioteca Sede Central En estantería 07/19/2018 18-01739   327.1 S456 1998 18-01739 10/06/2018 e.1 07/19/2018 Libros
© Copyright 2016. Universidad Nacional para la Defensa.Todos los derechos reservados.

 

Designed & Maintained by: https://www.sibdweb.com.do
Sistema de Información & Bibliotecas (SIBD). Contact: pbrito2005@gmail.com